Радиационная устойчивость щелочногалоидных кристаллов: доклад на XII Совещании по люминесценции (Январь-февраль 1964 г.; Известия Академии наук СССР. Серия физическая; Т. 29, № 3

Bibliographische Detailangaben
Parent link:Известия Академии наук СССР. Серия физическая/ Академия наук СССР.— , 1936-1991.— 0367-6765
Т. 29, № 3.— 1965.— С. 361-365
1. Verfasser: Воробьев А. А. Александр Акимович
Sprache:Russisch
Veröffentlicht: 1965
Schlagworte:
Format: Buchkapitel
KOHA link:https://koha.lib.tpu.ru/cgi-bin/koha/opac-detail.pl?biblionumber=421197

MARC

LEADER 00000naa2a2200000 4500
001 421197
005 20231101073524.0
035 |a (RuTPU)RU\TPU\prd\78899 
035 |a RU\TPU\tpu\626 
090 |a 421197 
100 |a 20100329d1965 k y0rusy50 ca 
101 0 |a rus 
102 |a RU 
200 1 |a Радиационная устойчивость щелочногалоидных кристаллов  |e доклад на XII Совещании по люминесценции (Январь-февраль 1964 г.  |f А. А. Воробьев 
320 |a Библиогр.: 7 назв. 
461 0 |0 (RuTPU)RU\TPU\prd\321  |x 0367-6765  |t Известия Академии наук СССР. Серия физическая  |f Академия наук СССР  |d 1936-1991 
463 0 |0 (RuTPU)RU\TPU\prd\78898  |t Т. 29, № 3  |v С. 361-365  |d 1965 
610 1 |a физика 
610 1 |a труды учёных ТПУ 
700 1 |a Воробьев  |b А. А.  |c российский физик  |c ректор Томского политехнического института, профессор  |f 1909-1981  |g Александр Акимович  |2 stltpush  |3 (RuTPU)RU\TPU\pers\12805  |4 070 
801 0 |a RU  |b 63413507  |c 20011210  |g PSBO 
801 2 |a RU  |b 63413507  |c 20170328  |g PSBO 
942 |c BK